London Underground Stations that end in Road - Statistics

General Stats
  • This quiz has been taken 732 times
  • The average score is 8 of 11
Answer Stats
Line Answer % Correct
Victoria Blackhorse
85%
Central, Northern Tottenham Court
85%
Hammersmith & City District, Circle. Bakerloo Edgware
80%
Metropolitan Jubilee Finchley
78%
District, Piccadilly, Circle Gloucester
77%
Piccadilly Caledonian
74%
Hammersmith & City, Circle Latimer
69%
Hammersmith & City, Circle Goldhawk
68%
District, Hammersmith & City Bow
65%
Piccadilly Holloway
63%
Metropolitan Preston
58%
No matching quizzes found
Score Distribution
Percent of People with Each Score
Percentile by Number Answered
Your Score History
You have not taken this quiz